KOHA-Header-6

Let US C + + (Record no. 8889)

000 -LEADER
fixed length control field 00248nam a2200109Ia 4500
100 ## - MAIN ENTRY--AUTHOR NAME
Personal name Kanetkar Yashavat
245 #0 - TITLE STATEMENT
Title Let US C + +
260 ## - PUBLICATION, DISTRIBUTION, ETC. (IMPRINT)
Place of publication India
Name of publisher Pearson
Year of publication 2001
300 ## - PHYSICAL DESCRIPTION
Number of Pages 630
942 ## - ADDED ENTRY ELEMENTS (KOHA)
Koha item type Books
Holdings
Withdrawn status Lost status Collection code Permanent Location Current Location Shelving location Date acquired Full call number Accession Number Koha item type
    Computer Languages MAJU MAJU Shelf No.A18 2019-09-14 158.7 4007 Computer Languages

Powered by Koha